Is Slovak monetary policy time consistent?

Časová konzistencia v peňažnej politike. Časová inkonzistencia ako problém slovenskej ekonomiky. Inflácia a nezamestnanosť. Slovenská peňažná politika.

Guardado en:
Detalles Bibliográficos
Autor principal: Lukáčik, Martin, 1974-
Otros Autores: Szomolányi, Karol, 1976-
Formato: Capítulo de libro
Lenguaje:inglés
Materias:
Etiquetas: Agregar Etiqueta
Sin Etiquetas, Sea el primero en etiquetar este registro!

MARC

LEADER 00000naa$a2200000$$$4500
001 0080517
005 20240502071918.8
041 0 |a eng 
044 |a SK 
245 1 0 |a Is Slovak monetary policy time consistent?  |c Martin Lukáčik, Karol Szomolányi 
520 |a Časová konzistencia v peňažnej politike. Časová inkonzistencia ako problém slovenskej ekonomiky. Inflácia a nezamestnanosť. Slovenská peňažná politika. 
610 2 0 |a politika peňažná 
610 2 0 |a čas 
610 2 0 |a inflácia 
610 2 0 |a nezamestnanosť 
610 2 0 |a Slovensko 
100 1 |a Lukáčik, Martin, 1974- 
700 1 |a Szomolányi, Karol, 1976-